[Event "5th Banja Luka it"]
[Site "Banja Luka YUG"]
[Date "1983.04.21"]
[Round "12"]
[White "Filipovic, Branko"]
[Black "Bukic, Enver"]
[Result "1/2-1/2"]
[WhiteElo "2335"]
[BlackElo "2470"]
[EventDate "1983.04.08"]
[PlyCount "104"]

1.e4 c6 2.d4 d5 3.Nc3 dxe4 4.Nxe4 Nf6 5.Nxf6+ gxf6 6.c3 Qd5 7.Be3 Rg8 8.
Ne2 Bg4 9.h3 Bxe2 10.Qxe2 e6 11.O-O-O Qxa2 12.Qh5 h6 13.d5 Qa1+ 14.Kc2 
Qa4+ 15.Kb1 cxd5 16.Bd3 Nd7 17.Rhe1 Qc6 18.Bd4 Rg5 19.Qe2 O-O-O 20.Bb5 Qc7
21.Bxa7 Bc5 22.Bxd7+ Rxd7 23.Bxc5 Qxc5 24.g4 Rd6 25.f4 Rg8 26.Qc2 Rh8 27.
Rd4 Kc7 28.Ra4 Rc6 29.Qd3 b5 30.Rb4 Kb6 31.Rd1 Rd6 32.Qe2 Re8 33.Rdd4 Rd7 
34.Rxb5+ Qxb5 35.Rb4 Qxb4 36.cxb4 d4 37.Qc4 Rd5 38.b5 Rd6 39.b4 Red8 40.
Kc2 Kb7 41.Kd2 Rc8 42.Qd3 Kb6 43.Qa3 Kb7 44.Qd3 Kb8 45.h4 Rd5 46.h5 Rd7 
47.g5 fxg5 48.fxg5 hxg5 49.Qg3+ Kb7 50.Qa3 d3 51.Qa6+ Kb8 52.Qb6+ Ka8 
1/2-1/2

[Event "5th Banja Luka it"]
[Site "Banja Luka YUG"]
[Date "1983.04.23"]
[Round "13"]
[White "Kurajica, Bojan"]
[Black "Filipovic, Branko"]
[Result "1-0"]
[WhiteElo "2510"]
[BlackElo "2335"]
[EventDate "1983.04.08"]
[PlyCount "75"]

1.d4 Nf6 2.Nf3 g6 3.g3 Bg7 4.Bg2 O-O 5.O-O d6 6.c4 c5 7.Nc3 Nc6 8.d5 Na5 
9.Nd2 a6 10.Qc2 Rb8 11.b3 b5 12.Bb2 bxc4 13.bxc4 Bh6 14.Ncb1 e5 15.Bc3 Bd7
16.Na3 Rb4 17.Bxb4 cxb4 18.Nab1 Qc7 19.c5 Qxc5 20.Qb2 Ng4 21.Ne4 Qb6 22.
Bf3 Bg7 23.Nbd2 Nh6 24.Rab1 f5 25.Qxb4 Qxb4 26.Rxb4 fxe4 27.Nxe4 Nf5 28.
Rc1 Nd4 29.Kg2 Bb5 30.Rc7 Bf6 31.Nxf6+ Rxf6 32.a4 Bxe2 33.Bxe2 Nxe2 34.Rb6
Nd4 35.Rxa6 Nab3 36.a5 Rf7 37.Ra8+ Kg7 38.Raa7 1-0